Fireflies by Owl City ALL Lyrics - Statistics

General Stats
  • This quiz has been taken 1,499 times
  • The average score is 196 of 262
Answer Stats
Answer % Correct
i
99%
a
98%
fireflies
98%
believe
97%
as
95%
million
95%
ten
95%
You
95%
asleep
94%
if
94%
the
94%
eyes
93%
not
93%
your
93%
to
92%
would
92%
my
91%
that
90%
earth
89%
slowly
89%
it
88%
make
88%
planet
88%
when
88%
myself
87%
turns
87%
fell
86%
i'm
86%
like
86%
up
86%
i'd
85%
is
82%
it's
82%
an
81%
awake
81%
cause
81%
seems
81%
world
81%
hard
80%
lit
80%
say
80%
stay
80%
and
78%
never
77%
rather
76%
they
75%
everything
74%
fall
74%
me
73%
air
70%
just
70%
open
70%
thousand
69%
everywhere
67%
leave
66%
but
65%
in
65%
teardrops
64%
bugs
63%
from
62%
do
61%
lightning
61%
stare
60%
fill
57%
get
57%
stand
57%
head
56%
how
56%
think
56%
bed
55%
dance
55%
feel
55%
by
54%
hugs
54%
teach
53%
away
52%
take
52%
above
51%
beneath
51%
here
51%
far
49%
hanging
49%
thread
49%
door
48%
hate
48%
please
48%
too
48%
ball
47%
crack
47%
disco
47%
goodbyes
47%
you'd
47%
foxtrot
46%
of
46%
dreams
45%
tire
44%
why
44%
farewell
43%
insomniac
43%
rude
43%
weird
43%
are
42%
such
42%
tried
42%
jar
41%
real
41%
sheep
41%
where
41%
counting
40%
sock
40%
them
40%
tired
40%
hop
39%
said
39%
bizarre
38%
keep
37%
i'll
36%
know
36%
got
35%
misty
32%
several
32%
few
28%
saved
23%
No matching quizzes found
Score Distribution
Percent of People with Each Score
Percentile by Number Answered
Your Score History
You have not taken this quiz